Objetos de melancolía (Registro nro. 185879)

Detalles MARC
000 -LEADER
campo de control de longitud fija 00799nam a2200253 i 4500
001 - NÚMERO DE CONTROL
campo de control 185879
003 - IDENTIFICADOR DE NÚMERO DE CONTROL
campo de control SpMaBN
005 - FECHA Y HORA DE LA ÚLTIMA TRANSACCIÓN
campo de control 20230906222534.0
008 - DATOS DE LONGITUD FIJA--INFORMACIÓN GENERAL
campo de control de longitud fija 160817s1985 sp c |||| |dspa d
020 ## - NÚMERO INTERNACIONAL ESTÁNDAR DEL LIBRO
Número Internacional Estándar del Libro 84-85641-57-4
080 ## - NÚMERO DE LA CLASIFICACIÓN DECIMAL UNIVERSAL
Número de la Clasificación Decimal Universal 1 Böhme, Jacob
100 1# - ENTRADA PRINCIPAL--NOMBRE DE PERSONA
Nombre de persona Reguera, Isidoro.
9 (RLIN) 95932
245 10 - MENCIÓN DEL TÍTULO
Título Objetos de melancolía
Resto del título : (Jacob Böhme) /
Mención de responsabilidad, etc. Isidoro Reguera.
260 ## - PUBLICACIÓN, DISTRIBUCIÓN, ETC.
Lugar de publicación, distribución, etc. Madrid :
Nombre del editor, distribuidor, etc. Ediciones Libertarias,
Fecha de publicación, distribución, etc. [1985]
300 ## - DESCRIPCIÓN FÍSICA
Extensión 259 p. :
Otras características físicas retr. ;
Dimensiones 20 cm.
490 1# - MENCIÓN DE SERIE
Mención de serie Pluma rota ;
Designación de volumen o secuencia 2.
Mención de serie Ensayo
500 ## - NOTA GENERAL
Nota general Cronología.
500 ## - NOTA GENERAL
Nota general Índice.
504 ## - NOTA DE BIBLIOGRAFÍA, ETC.
Nota de bibliografía, etc. Bibliografía: p. 287-291.
600 14 - PUNTO DE ACCESO ADICIONAL DE MATERIA--NOMBRE DE PERSONA
Nombre de persona Böhme, Jakob (
Fechas asociadas al nombre 1575-1624)
9 (RLIN) 160469
830 0# - PUNTO DE ACCESO ADICIONAL DE SERIE-TÍTULO UNIFORME
Título uniforme Pluma rota ;
Designación de volumen o secuencia 2.
Título uniforme Ensayo
9 (RLIN) 224951
852 ## - LOCALIZACIÓN
Ubicación ES-MaACL
Número de control de estantería L-30565
Nota libre . - Donat. Miguel A. Velasco
Existencias
Estatus retirado Estado de pérdida Estado de daño No para préstamo Biblioteca de origen Biblioteca actual Ubicación en estantería Fecha de adquisición Fuente de adquisición Total de préstamos Signatura topográfica completa Código de barras Visto por última vez Precio de reemplazo Tipo de ítem Koha
        Biblioteca del Ateneo de Madrid Biblioteca del Ateneo de Madrid Depósito 2 17/08/2016     L-30565 1195939 23/02/2023 23/02/2023 Libro impreso